Piosenki Kultu/Kazika - Statystyki

Ogólne statystyki
  • Ten quiz został rozwiązany 55 razy
  • Średni wynik to 13 z 23
Statystyki odpowiedzi
Tekst Tytuł % Poprawnych
Znów zapadłem w nią jak w toń Baranek
86%
Po schodach na piechotę raczej rady nie damy Gdy nie ma dzieci
84%
Och Ziutek, Ziutek, gdzieś Ty był, kiedy ja zaczynałam pić Celina
82%
Czy byłeś kiedyś w Kutnie na dworcu w nocy? Polska
82%
Obejrzyjcie swe dłonie i twarze Krew Boga
80%
Dostaliście też Mundial '86 Po co wolność
80%
Jeszcze dymią kominy Wódka
80%
Pruszków kontra Wołomin, sędzia od obu bierze 12 Groszy
77%
Głowy równa część na każdą stronę Arahja
75%
Widziałem, podawali sobie z uśmiechem dłonie Hej, czy nie wiecie
70%
By starsi nie stali pod deszczem co runął ze wszystkich zebranych wstydów Brooklyńska rada Żydów
64%
Znany ksztalt kolby od parabelki Knajpa morderców
64%
Jest czwarta w nocy, piszę przez chwilę Lewe lewe loff
52%
Lecz zrozum, nie ma wolności bez miłości 6 lat później
50%
Tomaszu niewinny - jesteś wolny 25 lat niewinności
48%
Najlepszy bramkarz to jest Bogusław Wyparło Plamy na Słońcu
48%
Kończy się rok i słuchaj słowa Czarne słońca
43%
Niechaj dziś pocałunki twe ukoją Kochaj Mnie A Będę Twoją
34%
I dlaczego, dlaczego mówisz o kobiecie Posłuchaj, to do ciebie
27%
Debil nie wie, że jest debil, a mądry to wie Idę tam gdzie idę
20%
Powstańcie których gnębi wróg Międzynarodówka
16%
Tak, ja widzę w prawie każdym domu Religia wielkiego Babilonu
16%
Mam długo, długo żyć 1932 Berlin
14%
Nie znaleziono quizów pasujących do podanych kryteriów
Rozkład punktacji
Procent ludzi z każdym wynikiem
Percentyl według liczby udzielonych odpowiedzi
Twoja historia wyników
Nie rozwiązałeś tego quizu